Quizzes
Events
Quiz Creation
Community
Videos
Private Events
Remove Ads
Sign In
Join for FREE
Feedback
Dark Mode
Quiz Categories
Sports
Geography
Music
Movies
Television
Just For Fun
Miscellaneous
History
Literature
Language
Science
Gaming
Entertainment
Religion
Holiday
For Kids
Quiz Lab
Recent
Popular Today
Quiz Kudos Today
Editor Picks
Curator Picks
Quizzes by...
Day
Popularity
Type
Ratings
Length
Year
Community
Subscriptions
Recent Discussions
Orange Saloon
Badges
Playlists
Quests
Create
Leaderboards
Showdown
Live 5
Trivia Bingo
Activity
Puzzle Library
Sporcle Events
Private Events
Virtual Trivia
Globe League
Become a Host
Pub Owners
SporcleCon
Opinionation
Our Games
Videos
Blog
Mobile Apps
Partnerships
Remove Ads and Go Orange
Feedback
Miscellaneous
Crossword
General Knowledge
Baby Names
Logo
Food
Cars
Numbers
Grab Bag
University
College
Popular
Company
Slogans
Restaurants
Justice
Letter
Miscellaneous
Crossword
General Knowledge
Baby Names
Logo
Food
Cars
Numbers
Grab Bag
University
College
Popular
Company
Slogans
Restaurants
Justice
Letter
Random Quiz
Search Sporcle
×
Quiz Lab
Quiz Lab
Miscellaneous
Animal
Type in answers that appear in a list
Type in answers that appear in a list
Classic
Best Score? Go Orange.
Animals of the Zodiac Stats
Can you name the Animals of the Zodiac?
By
sjosephbrolley
3m
12 Questions
42 Plays
42 Plays
42 Plays
Comments
Comments
Give Quiz Kudos
Give Quiz Kudos
-
- Ratings
hide this ad
Replay
Link that replays current quiz
Next Quiz
Link to next quiz in quiz playlist
You Got
0%
They Got
Avg Score
80%
Avg Friend Score
Upgrade to see
Score Distribution
Jump to the score distribution portion of the page
Score
0/12
Timer
03:00
0
Plays Today
Example year
Animal
% Correct
2006
dog
92.9%
2000
dragon
88.1%
1996
rat
85.7%
2001
snake
85.7%
1997
ox
83.3%
1998
tiger
81%
2002
horse
81%
1999
rabbit
78.6%
2003
goat
76.2%
2004
monkey
76.2%
2007
pig
76.2%
2005
rooster
64.3%
Quiz Playlist
Details
Report
Send in Message
Add To Playlist
Classic:
Type in answers that appear in a list
Last Updated: Feb 16, 2017
Quiz Scoreboard
CHALLENGE
Sign Up to Join the Scoreboard
Show All
Scores
Hide
Comments
May contain spoilers
Recently Published
An Introduction to Baseball
by treessimontrees
Sports
5m
Movies - When Are They Set?
by FPL_Elf
Movies
5m
Popular People in 1961
by mucciniale
History
6m
More to Explore
Quiz From the Vault
Featured Blog Post
Where Did the Easter Bunny Come From?
hide this ad
You Might Also Like...
Tags
Animal Quiz
Example
Zodiac
Today's Top Quizzes in Miscellaneous
Browse Miscellaneous
hide this ad
Today's Top Quizzes in Animal
Browse Animal
Top Contributed Quizzes in Miscellaneous
1
5-to-1: Fast Food
2
The JOE quick-fire general knowledge quiz: Day 173
3
The JOE quick-fire general knowledge quiz: Day 172
4
The JOE quick-fire general knowledge quiz: Day 174
5
One Thing in Common: United Kingdom II
6
Sunday Crossword: Famous Bodies of Water
7
The JOE quick-fire general knowledge quiz: Day 171
8
5-to-1: Cocktails
9
Named After an Animal - Odd One Out!
10
The JOE quick-fire quiz: Day 170
Explore More
Trending Topics
Kpop
Crossword
NBA
Marvel
Harry Potter
Disney
Anime
The Office
Country
NFL
Song
Puzzle
Pokémon
Soccer
WWE
hide this ad
More By:
sjosephbrolley
Quiz
Plays
Rating
Category
Featured
Created
50 Digits of Pi
15,920
4.17
Just For Fun
Apr 9, 2012
'IQ' Test
7,844
2.62
Language
Mar 31, 2012
Scholastic Bowl Trivia
387
2.00
Miscellaneous
Mar 25, 2012
Pearl Jam's Ten Album
202
5.00
Music
Jan 1, 2013
Four Cardinal Directions
202
1.00
Geography
Mar 31, 2012
Go to Creator's Profile
Score Distribution
Quiz Creator Spotlight
sjosephbrolley
Follow
Send a Message
Quizzes Created
-
Created Quiz Play Count
-
More By This Creator
Popular Quizzes Today
1
Find the Countries of Europe - No Outlines Minefield
2
Find the US States - No Outlines Minefield
3
The Countries of the World
4
Popular People in 1961
5
US States
6
Find the US States
7
1-10 Letter E Words III
8
Risky Map Clicking: Biggest States A-Z
More Miscellaneous Quizzes
Quick Pick: Do You Like My Package?
Curator's Pick
Trending Quizzes
Risky Map Clicking: Least Populous States A-Z
1-10 Letter F Words
1-10 Letter G Words
Not Quite an Element Typing Challenge
One Thing in Common: United Kingdom
Recently Updated
Leaping Animals
pecheneg
Reality TV Shows (A-Z)
bhenderson79
Rickey Henderson's Hall of Fame Teammates
pecheneg
Champions League XIs: Arsenal
pecheneg
Quick Pick: Celebrities in WWE's Hall of Fame
aduchscher
A-Z Keypad Blitz II
pecheneg
Multiple Oscar Actors
pecheneg
Mystery Phrase Blitz: Oscar 'Best Actors'
pecheneg
F. Scott Fitzgerald Novels
LTH
Pick 3 Villains
ddd62291
Trending Topics
Marvel
Kpop
Anime
NBA
Harry Potter
Crossword
Disney
The Office
Puzzle
WWE
Country
NFL
Pokémon
Song
Soccer
Your Account Isn't Verified!
In order to create a playlist on Sporcle, you need to verify the email address you used during registration. Go to your
Sporcle Settings
to finish the process.
Report this User
Report this user for behavior that violates our
Community Guidelines
.
Details:
Send Report
Go to the Sporcle.com Mobile Site →
Comments